000 00467nam a2200181Ia 4500
001 3783
005 20260306145708.0
008 260306t1999||||xx |||||||||||||| ||spa||
041 _aESP
082 _a303.4
_bL12
100 _aBayardo, Rubens (Comp.)
_eAUT
245 0 _aLa dinámica global/local:
_bcultura y comunicación: nuevos desafíos
260 _c1999
300 _a294 páginas :
_c23 cm.
650 _aGEN
654 _aCHU
942 _cLIB
_dJUS
_fJUS
_2ddc
_n
999 _c3783
_d3783